LDR 01044naa#a2200169#i#450# 001 RU\\bibl\114057 005 20260418105309.6 011 ## _a2782-4586 100 ## _a20260331b2026####ek#y0rusy0150####ca 102 ## _aRU 200 1# _aЦИФРОВАЯ ЭКОСИСТЕМА ЭКОНОМИКИ РЕГИОНОВ РФ: ПРОБЛЕМЫ ФОРМИРОВАНИЯ, ФАКТОРЫ РАЗВИТИЯ _eЖурнальная статья 210 1# _aМосква _cУниверситет ИТБО _d2026 215 ## _a7 с. 608 ## _aЖурнальная статья _2local 675 ## _aРегиональная (территориальная) экономика. Земельный (аграрный) вопрос. Жилищное хозяйство. 332 _aЭкономическое положение. Экономическая политика. Управление и планирование в экономике. Производство. Услуги. Цены. 338 _z 700 #1 _aНиколаева _gНадежда Александровна 856 4# _ajomeam.ru _u